000 00869nam a22002897a 4500
003 OSt
005 20220107122847.0
008 190118b xxu||||| |||| 00| 0 eng d
020 _a9781461471370
040 _cIIITMK
082 _a519.5 JAM/I; 1
100 _aJames, Gareth
_915265
245 _aAn introduction to statistical learning:
_bWith applications in R
_cGareth James
260 _aNew York,
_bSpringer,
_c2013.
300 _axiv, 426p.
650 _aSTATISTICS
_916483
650 _aSTATISTICAL LEARNING
_916484
650 _aCOMPUTER PROGRAMMING
_916485
650 _aR LANGUAGE
_916486
650 _aSTATISTICAL MACHINE LEARNING
_916487
650 _aMODELING AND PREDICTION
_916488
650 _aDATA SETS
_916489
700 _aWitten, Daniela
_915266
700 _aHastie, Trevor
_915267
700 _aTibshirani, Robert
_915268
942 _2ddc
_cBK
999 _c6366
_d6366